000 00615nam a22002177a 4500
005 20170124110207.0
010 _aA-412595
020 _c00.00
035 _aA-412595
037 _bCen Lib/Ret
040 _aDPL
_bEN
082 _a184
_bCOL
100 _aCollins, Clifton W.
_937599
245 _aPlato /
_cby Clifton W. Collins
260 _aNew Delhi
_bDeep and Deep Publications
_c1990
270 _aD1,/24, Rajouri Garden
_bNew Delhi
_e110008
300 _avi, 197p.
_c17cm(Hb)
650 _aPlato.
_974087
650 _aPhilosophy, Ancient.
_932953
942 _2ddc
_cEN
_h184
_mCOL
999 _c133322
_d133322